书目信息 |
| 题名: |
和小学教师谈标点符号
|
|
| 作者: | ;江苏省无锡师范学校编写组 编 | |
| 分册: | ||
| 出版信息: | 上海 上海教育出版社 1980.05 |
|
| 页数: | 70页 | |
| 开本: | 19cm | |
| 丛书名: | ||
| 单 册: | ||
| 中图分类: | H055 | |
| 科图分类: | ||
| 主题词: | 写作学 , 修辞学 | |
| 电子资源: | ||
| ISBN: | ||
| 000 | 00671nam0 2200217 45 | |
| 001 | 0206250849 | |
| 005 | 20040423100517.1 | |
| 010 | @dCNY0.19 | |
| 091 | @a7150.2281 | |
| 100 | @a20020625d1980 km y0chiy0120 ea | |
| 101 | 0 | @achi |
| 105 | @a z 000yy | |
| 200 | 1 | @a和小学教师谈标点符号@AHe Xiao Xue Jiao Shi Tan Biao Dian Fu Hao@f江苏省无锡师范学校编写组编@FJiang Su Sheng Wu Xi Shi Fan Xue Xiao Bian Xie Zu Bian |
| 210 | @a上海@c上海教育出版社@d1980.05 | |
| 215 | @a70页@d19cm | |
| 606 | 0 | @a写作学 |
| 606 | 0 | @a修辞学 |
| 690 | @aH055@v3 | |
| 711 | 02 | @a江苏省无锡师范学校编写组@4编 |
| 801 | @aCN@bTSTC@c20020625 | |
| 905 | @dH055@e17@f2@b29968-969@b29972-974@f3 | |
| 和小学教师谈标点符号/江苏省无锡师范学校编写组编.-上海:上海教育出版社,1980.05 |
| 70页;19cm |
| ISBN :CNY0.19 |
| ● |
| 相关链接 |
|
|
|
|
正题名:和小学教师谈标点符号
索取号:H055/17
 
预约/预借
| 序号 | 登录号 | 条形码 | 馆藏地/架位号 | 状态 | 备注 |
| 1 | 0029967 | 000821597 | 第二样本阅览室/ [索取号:H055/17] | 在馆 | |
| 2 | 0029968 | 000821613 | 第四借阅区/ [索取号:H055/17] | 在馆 | |
| 3 | 0029969 | 000821622 | 第四借阅区/ [索取号:H055/17] | 在馆 | |
| 4 | 0029970 | 001828142 | 密集书库/ [索取号:H055/17] | 在馆 | |
| 5 | 0029971 | 001921576 | 密集书库/ [索取号:H055/17] | 在馆 | |
| 6 | 0029972 | 000821604 | 第四借阅区/ [索取号:H055/17] | 在馆 | |
| 7 | 0029973 | 000821588 | 第四借阅区/ [索取号:H055/17] | 在馆 | |
| 8 | 0029974 | 000821631 | 第四借阅区/ [索取号:H055/17] | 在馆 |